| 000 | 00454nam a2200133Ia 4500 | ||
|---|---|---|---|
| 003 | GCL | ||
| 008 | 140319s9999 xx 000 0 ara d | ||
| 040 |
_aGCL / _cGCL |
||
| 082 | 0 | 4 |
_a375.001 _bم م |
| 100 | 1 | _aمحمد هاشم فالوقى | |
| 245 | 1 | 0 |
_aالمناهج التعليمية فى مفهومها, اسسها, تنظيمها / _cمحمد هاشم فالوقى |
| 300 | _a306 ص | ||
| 490 |
_aالهيئة العامة للاستعلامات _v0 |
||
| 999 |
_c49338 _d49338 |
||